| 000 | 00345nam a2200121Ia 4500 | ||
|---|---|---|---|
| 005 | 20260326100027.0 | ||
| 008 | 260326s9999||||xx |||||||||||||| ||und|| | ||
| 100 | _aLamego, Arturo | ||
| 245 | 0 |
_aArquitetura Civil III : _b Mobiliario e alfaias / _cArturo Lamego |
|
| 260 | _bUniversidad de Sao Paulo | ||
| 650 | _aARQUITECTURA REGIONAL | ||
| 942 | _cBK | ||
| 999 |
_c6458 _d6458 |
||